• 首页
  • 本馆介绍
  • 公告通知
  • 最新文献
  • 馆藏检索
  • 电子资源
  • 读者导购
  • 参考咨询
  • 我的图书馆
  • 登录
  • 详细信息显示
  • 放入我的书架
  • 预约/预借图书
  • 作者相关作品
  • 分类相关作品
  • 丛书相关作品
  • 出版社相关作品

书目信息

  • 表格格式
  • 工作单格式
  • 卡片格式
题名:
比较内分泌学与衰老内分泌学
    
 
作者: 马尔蒂尼
分册:  
出版信息: 北京   科学出版社  2008
页数: 363
开本: 26cm
丛书名:
单 册:
中图分类: R58
科图分类:
主题词: 内分泌病 , 代谢病
电子资源:
ISBN: 7-03-020928-3
000 00595nam0 2200193 450
001 1735846483
005 20170410095726.48
010    @a7-03-020928-3@b精装@d¥108.00
100    @a20170410d km y0chiy0120 ea
101 0  @achi
200 1  @a比较内分泌学与衰老内分泌学@Abi jiao nei fen mi xue yu shuai lao nei fen mi xue@f(意)马尔蒂尼@F(yi)ma er di ni
210    @a北京@c科学出版社@d2008
215    @a363@d26cm
606 0  @a内分泌病
606 0  @a代谢病
690    @aR58@v4
701  0 @a马尔蒂尼@Ama er di ni
801  0 @aCN@b大连网信软件有限公司图书馆·11@c20170410
905    @b6604311@dR58@en1@f1
    
    比较内分泌学与衰老内分泌学/(意)马尔蒂尼.-北京:科学出版社,2008
    363;26cm
    
    
    ISBN 7-03-020928-3(精装):¥108.00
    
●
相关链接 在E读中查询图书 在五车中查询图书 在当当中查询图书 在豆瓣中查询图书


正题名:比较内分泌学与衰老内分泌学     索取号:R58/n1         预约/预借

序号 登录号 条形码 馆藏地/架位号 状态 备注
1 6604311   266043113   密集书库-生命科学系/ [索取号:R58/n1] 在馆    
唐山师范学院图书馆 欢迎您!
大连网信软件有限公司© 版权所有